Computer aided design : engineering design and modelling using AutoCAD / Wilson R. Nyemba. (Record no. 22169)
| 000 -LEADER | |
|---|---|
| fixed length control field | 00560nam a22001577a 4500 |
| 020 ## - INTERNATIONAL STANDARD BOOK NUMBER | |
| ISBN | 9781032418858 |
| 082 ## - DEWEY DECIMAL CLASSIFICATION NUMBER | |
| Classification number | 620.00420285 |
| Item number | N994 2023 |
| 100 ## - MAIN ENTRY--AUTHOR NAME | |
| Personal name | Nyemba, Wilson R., author. |
| 245 ## - TITLE STATEMENT | |
| Title | Computer aided design : engineering design and modelling using AutoCAD / Wilson R. Nyemba. |
| 250 ## - EDITION STATEMENT | |
| Edition statement | First edition. |
| 260 ## - PUBLICATION, DISTRIBUTION, ETC. (IMPRINT) | |
| Place of publication | Abingdon ; Oxon : |
| Name of publisher | CRC Press, |
| Year of publication | 2023. |
| 300 ## - PHYSICAL DESCRIPTION | |
| Number of Pages | 1 electronic resource, xxii, 292 pages : |
| Other physical details | illustrations. |
| 500 ## - GENERAL NOTE | |
| General note | Includes bibliographical references and index. |
| 650 ## - SUBJECT ADDED ENTRY--TOPICAL TERM | |
| Topical Term | Engineering & Technology |
| 942 ## - ADDED ENTRY ELEMENTS (KOHA) | |
| Koha item type | Electronic Books |
| Source of acquisition | Permanent Location | Date acquired | Collection code | Koha item type | Lost status | Shelving location | Withdrawn status | Current Location | Full call number |
|---|---|---|---|---|---|---|---|---|---|
| Donation | Cagayan State University - Carig Library | 2026-04-13 | E-Books | Electronic Books | E-Resource Section | Cagayan State University - Carig Library | 620.00420285 N994 |